00259nam a2200109Ia 4500003000400000005001700004020002200021040000800043050002000051100002200071245005600093OSt20240326112251.0 a978-1-84334-372-1 cLCC aZ699.7 L39 2009 aibironke o. lawal 0alibrary and information science in the 21st century